000 00349pab a2200145 454500
008 180718b1999 xxu||||| |||| 00| 0 eng d
100 _aDasgupta, Rajaram
245 _aSelf help groups: role of central banking authority
260 _c1999
300 _ap.8-10
362 _aJul
650 _aBanks
773 _aBanking Finance
909 _a41723
999 _c41723
_d41723